Ville des Pays Nordiques - Top 200 Ville Europe - Statistiques

Statistiques générales
  • Ce quiz a été pris 93 fois
  • Le résultat moyen est 8 sur 9
Statistiques - réponses
Population Ville % Correct
1,65 M Copenhague
99%
1,27 M Helsinki
99%
1,17 M Oslo
99%
2,15 M Stockholm
99%
654k Riga
95%
692k Vilnius
95%
527k Tallinn
94%
510k Malmö
78%
805k Göteborg
75%
Aucun quiz correspondant
Distribution des résultats
% des personnes avec chaque résultat
Percentile par nombre de réponses
Votre historique - résultats
Vous n’avez pas pris ce quiz